[Event "Igualada op"]
[Site "Igualada"]
[Date "2018.11.??"]
[Round "4.1"]
[White "Martinez, Bernat"]
[Black "Vilella Bertran, Joan"]
[Result "1-0"]
[WhiteElo "2162"]
[BlackElo "2220"]
[PlyCount "65"]
[EventDate "2018.11.09"]
[EventType "swiss (rapid)"]
[EventRounds "8"]
[EventCountry "ESP"]
[SourceTitle "EXT 2024"]
[Source "ChessBase"]
[SourceDate "2023.10.10"]
[SourceVersion "1"]
[SourceVersionDate "2023.10.10"]
[SourceQuality "1"]

1. e4 e6 2. d4 d5 3. Nc3 Bb4 4. e5 c5 5. a3 Bxc3+ 6. bxc3 Qc7 7. Qg4 f5 8. Qg3 Nc6 9. Bb5 c4 10. Ne2 Qf7 11. Bxc6+ bxc6 12. Rb1 Ne7 13. h4 0-0 14. h5 Ba6 15. Bg5 Kh8 16. Nf4 Kg8 17. Bxe7 Qxe7 18. Ng6 Qxa3 19. Nxf8 Rxf8 20. 0-0 Qe7 21. f4 Bb5 22. Ra1 a6 23. Qg5 Qa7 24. g4 c5 25. gxf5 Rxf5 26. Qd8+ Kf7 27. Rfb1 cxd4 28. Rxb5 d3+ 29. Kg2 dxc2 30. Rb8 Qxb8 31. Qxb8 Rxh5 32. Qc7+ Kg6 33. Qe7 1-0

[Event "Vilafranca del Penedes op 12th"]
[Site "Vilafranca del Penedes"]
[Date "2018.04.27"]
[Round "4"]
[White "Vilella Bertran, Joan"]
[Black "Gallego Bergada, Antoni"]
[Result "1/2-1/2"]
[WhiteElo "1993"]
[BlackElo "2152"]
[PlyCount "35"]
[EventDate "2018.04.06"]
[EventType "swiss"]
[EventRounds "8"]
[EventCountry "ESP"]
[SourceTitle "CBM 184 Extra"]
[Source "ChessBase"]
[SourceDate "2018.06.28"]
[SourceVersion "1"]
[SourceVersionDate "2018.06.28"]
[SourceQuality "1"]

1. c4 e5 2. Nc3 Nc6 3. g3 f5 4. Bg2 Nf6 5. a3 g6 6. b4 Bg7 7. b5 Ne7 8. Qb3 c6 9. c5 d5 10. cxd6 Qxd6 11. a4 Be6 12. Qa3 c5 13. Bxb7 Rd8 14. Rb1 Bd5 15. Nxd5 Nexd5 16. Bxd5 Qxd5 17. f3 e4 18. Nh3 1/2-1/2

[Event "Vilafranca del Penedes op 12th"]
[Site "Vilafranca del Penedes"]
[Date "2018.04.06"]
[Round "1"]
[White "Vilella Bertran, Joan"]
[Black "Sola Sendra, Francesco"]
[Result "1-0"]
[WhiteElo "1993"]
[BlackElo "1714"]
[PlyCount "103"]
[EventDate "2018.04.06"]
[EventType "swiss"]
[EventRounds "8"]
[EventCountry "ESP"]
[SourceTitle "CBM 184 Extra"]
[Source "ChessBase"]
[SourceDate "2018.06.28"]
[SourceVersion "1"]
[SourceVersionDate "2018.06.28"]
[SourceQuality "1"]

1. c4 Nf6 2. Nc3 d6 3. g3 g6 4. Bg2 Bg7 5. b4 0-0 6. a4 Nc6 7. Rb1 Rb8 8. d3 a5 9. bxa5 Nxa5 10. Bd2 Bf5 11. e4 Bd7 12. Nge2 e5 13. 0-0 b6 14. h3 Nb7 15. Bg5 h6 16. Be3 Re8 17. f4 Nc5 18. f5 Bc6 19. fxg6 fxg6 20. Rb4 Na6 21. Rb2 Kh7 22. Nb5 Nc5 23. Nec3 Ne6 24. Rbf2 Nh5 25. Kh2 Nf6 26. Nd5 Nxd5 27. exd5 Bxb5 28. dxe6 Ba6 29. Bd5 c6 30. Bxc6 Rxe6 31. Rf7 Re7 32. Qd2 Qc7 33. Bd5 h5 34. Bh6 Rg8 35. Rxe7 Qxe7 36. Bg5 Qe8 37. Bxg8+ Kxg8 38. Qg2 Bc8 39. Rb1 Bf5 40. Qd5+ Kh7 41. Rxb6 Qxa4 42. Rb8 Qc2+ 43. Kg1 Qd1+ 44. Kf2 Qc2+ 45. Ke1 Qc3+ 46. Bd2 Qa1+ 47. Ke2 Bxd3+ 48. Qxd3 Qh1 49. g4 Qg2+ 50. Kd1 e4 51. Qd5 Qf1+ 52. Kc2 1-0

[Event "Igualada Anoia op 13th"]
[Site "Igualada"]
[Date "2018.02.10"]
[Round "5"]
[White "Vilella Bertran, Joan"]
[Black "Soidan Parcerisas, Manel"]
[Result "1-0"]
[WhiteElo "1963"]
[BlackElo "1836"]
[PlyCount "103"]
[EventDate "2018.01.13"]
[EventType "swiss"]
[EventRounds "8"]
[EventCountry "ESP"]
[SourceTitle "CBM 187 Extra"]
[Source "ChessBase"]
[SourceDate "2018.11.04"]
[SourceVersion "1"]
[SourceVersionDate "2018.11.04"]
[SourceQuality "1"]

1. c4 d5 2. cxd5 Nf6 3. Nc3 Nxd5 4. g3 e5 5. Bg2 Be6 6. Nf3 Nc6 7. d3 Bb4 8. Bd2 0-0 9. a3 Ba5 10. 0-0 Bb6 11. Rc1 Nxc3 12. bxc3 Qd6 13. a4 h6 14. Qc2 Qd7 15. Rfd1 f5 16. c4 Bc5 17. Bc3 Nd4 18. Qb2 Qd6 19. Rb1 Rad8 20. e3 Ba3 21. Qd2 Nxf3+ 22. Bxf3 b6 23. Qa2 Qe7 24. Bxe5 a5 25. Bc3 Bd6 26. Qe2 Bd7 27. Bd5+ Kh7 28. Qc2 Qg5 29. f4 Qg4 30. Qf2 Bxa4 31. Re1 Rfe8 32. Kg2 Qg6 33. e4 fxe4 34. Bxe4 Rxe4 35. dxe4 Re8 36. f5 Qf7 37. f6 Bc6 38. fxg7 Qxf2+ 39. Kxf2 Rxe4 40. Rxe4 Bxe4 41. Rd1 Bc2 42. Re1 Bd3 43. Re8 Bxc4 44. Rh8+ Kg6 45. g8Q+ Bxg8 46. Rxg8+ Kf5 47. Kf3 a4 48. g4+ Ke6 49. Rg6+ Ke7 50. Rxh6 b5 51. g5 b4 52. Rxd6 1-0

[Event "Vilafranca del Penedes op 11th"]
[Site "Vilafranca del Penedes"]
[Date "2017.05.19"]
[Round "7"]
[White "Gallego Montes, Antonio"]
[Black "Vilella Bertran, Joan"]
[Result "1/2-1/2"]
[WhiteElo "2057"]
[BlackElo "2204"]
[PlyCount "38"]
[EventDate "2017.03.31"]
[EventType "swiss"]
[EventRounds "8"]
[EventCountry "ESP"]
[SourceTitle "EXT 2018"]
[Source "ChessBase"]
[SourceDate "2017.10.13"]
[SourceVersion "1"]
[SourceVersionDate "2017.10.13"]
[SourceQuality "1"]

1. e4 e6 2. d4 d5 3. e5 c5 4. c3 Qb6 5. Nf3 Nc6 6. a3 Bd7 7. b4 cxb4 8. cxb4 Rc8 9. Be2 Nh6 10. 0-0 Nf5 11. Be3 Be7 12. Bd3 0-0 13. Bxf5 exf5 14. Nc3 Be6 15. Rc1 a6 16. Qd3 Na7 17. g3 Rc6 18. h4 Rfc8 19. Rfd1 h6 1/2-1/2

[Event "Igualada op 11th"]
[Site "Igualada"]
[Date "2016.02.13"]
[Round "5"]
[White "Vilella Bertran, Joan"]
[Black "Serrano Carmona, Alfonso"]
[Result "1/2-1/2"]
[WhiteElo "1953"]
[BlackElo "1675"]
[PlyCount "79"]
[EventDate "2016.01.16"]
[EventType "swiss"]
[EventRounds "8"]
[EventCountry "ESP"]
[SourceTitle "EXT 2017"]
[Source "ChessBase"]
[SourceDate "2016.10.25"]
[SourceVersion "1"]
[SourceVersionDate "2016.10.25"]
[SourceQuality "1"]

1. c4 c5 2. Nc3 Nf6 3. g3 d5 4. cxd5 Nxd5 5. Bg2 Nc7 6. d3 Nc6 7. Be3 e5 8. Rc1 Be7 9. Na4 Na6 10. Qd2 Nd4 11. Nf3 f6 12. 0-0 Rb8 13. Ne1 Be6 14. Bxd4 Qxd4 15. b3 0-0 16. Nc2 Qd8 17. Ne3 b6 18. Nc3 Nc7 19. Qb2 Re8 20. Rfd1 Bf8 21. Nc4 Qc8 22. Rf1 Rd8 23. f4 exf4 24. Rxf4 Bd6 25. Nxd6 Rxd6 26. Ne4 Rd4 27. Rf2 Qe8 28. Rcf1 Nd5 29. Qd2 Qe7 30. a3 Nc7 31. e3 Rd7 32. Qc2 Rbd8 33. d4 cxd4 34. exd4 Nd5 35. Re1 Rc7 36. Qe2 Qd7 37. Nd2 Bf7 38. Qf3 Rc3 39. Qf5 Qxf5 40. Rxf5 1/2-1/2

[Event "Igualada op 11th"]
[Site "Igualada"]
[Date "2016.01.16"]
[Round "1"]
[White "Vilella Bertran, Joan"]
[Black "Llorens Rubio, Joan"]
[Result "1-0"]
[WhiteElo "1953"]
[BlackElo "1614"]
[PlyCount "50"]
[EventDate "2016.01.16"]
[EventType "swiss"]
[EventRounds "8"]
[EventCountry "ESP"]
[SourceTitle "EXT 2017"]
[Source "ChessBase"]
[SourceDate "2016.10.25"]
[SourceVersion "1"]
[SourceVersionDate "2016.10.25"]
[SourceQuality "1"]

1. c4 e5 2. Nc3 Nc6 3. g3 Bc5 4. Bg2 Nf6 5. e3 a6 6. a3 0-0 7. b4 Ba7 8. Rb1 d6 9. Nge2 Rb8 10. a4 Ne7 11. 0-0 d5 12. cxd5 Nexd5 13. Ba3 Re8 14. Qc2 c6 15. Rfd1 Be6 16. b5 Bb6 17. d4 exd4 18. Nxd4 Ng4 19. Bc1 Rc8 20. bxa6 bxa6 21. h3 Ngf6 22. Nxe6 Rxe6 23. e4 Qc7 24. Nxd5 cxd5 25. Qxc7 Rxc7 1-0

[Event "Igualada and Anoia op 9th"]
[Site "Igualada"]
[Date "2014.01.11"]
[Round "1"]
[White "Llacuna Roca, Josep"]
[Black "Vilella Bertran, Joan"]
[Result "0-1"]
[WhiteElo "1665"]
[BlackElo "1953"]
[PlyCount "54"]
[EventDate "2014.01.11"]
[EventType "swiss"]
[EventRounds "8"]
[EventCountry "ESP"]
[SourceTitle "EXT 2024"]
[Source "ChessBase"]
[SourceDate "2023.10.10"]
[SourceVersion "1"]
[SourceVersionDate "2023.10.10"]
[SourceQuality "1"]

1. e4 e6 2. d4 d5 3. e5 c5 4. c3 Nc6 5. Nf3 Bd7 6. Bd3 Qb6 7. 0-0 cxd4 8. cxd4 Rc8 9. a3 Nge7 10. Kh1 Nf5 11. Bxf5 exf5 12. Nc3 Be6 13. Qe2 Be7 14. h3 0-0 15. Rd1 Na5 16. Rb1 Rxc3 17. Bg5 Rc7 18. Bxe7 Rxe7 19. b3 Rc7 20. Nh2 Rfc8 21. g4 Rc2 22. Rd2 Rc1+ 23. Rxc1 Rxc1+ 24. Kg2 Qxb3 25. gxf5 Bxf5 26. Qh5 Be6 27. Qg5 Qxh3# 0-1

[Event "Vilafranca del Penedes op 5th"]
[Site "Vilafranca del Penedes"]
[Date "2011.05.13"]
[Round "5.5"]
[White "Vilella Bertran, Joan"]
[Black "Draghici Flutur, Gavril"]
[Result "0-1"]
[WhiteElo "1920"]
[BlackElo "2126"]
[PlyCount "106"]
[EventDate "2011.04.08"]
[EventType "swiss"]
[EventRounds "8"]
[EventCountry "ESP"]
[SourceTitle "EXT 2024"]
[Source "ChessBase"]
[SourceDate "2023.10.10"]
[SourceVersion "1"]
[SourceVersionDate "2023.10.10"]
[SourceQuality "1"]

1. c4 e5 2. Nc3 Nf6 3. g3 d5 4. cxd5 Nxd5 5. Bg2 Nb6 6. Nf3 Nc6 7. a3 a5 8. 0-0 Be7 9. d3 0-0 10. Be3 Re8 11. Rc1 Bf8 12. Na4 Nxa4 13. Qxa4 Bd7 14. Qb3 Rb8 15. Ng5 Be6 16. Nxe6 Rxe6 17. Bd5 Rf6 18. Bxc6 bxc6 19. Qc3 Qd5 20. Bd2 h5 21. h4 a4 22. Bg5 Re6 23. Rc2 Rb3 24. Qc4 Qxc4 25. Rxc4 Rxb2 26. Rxa4 Rxe2 27. Ra8 Ra2 28. a4 f6 29. Be3 Kf7 30. Rb1 Re8 31. Ra7 Bd6 32. a5 Ke7 33. Rbb7 Kd7 34. Rb1 f5 35. a6 Ra4 36. Bd2 Bc5 37. Rab7 Rxa6 38. Rb8 Ra8 39. Rxe8 Rxe8 40. Ra1 Rb8 41. Ra5 Kd6 42. Bg5 Kd5 43. Be3 Rb5 44. Ra8 Bd4 45. Rd8+ Kc5 46. Rg8 Rb3 47. Bg5 Rxd3 48. Rxg7 Rf3 49. Rxc7 Rxf2 50. Kh1 e4 51. Be7+ Kd5 52. Bf8 e3 53. Rd7+ Kc4 0-1

[Event "Vilafranca del Penedes op 2nd"]
[Site "Vilafranca del Penedes"]
[Date "2008.06.06"]
[Round "8.8"]
[White "Vilella Bertran, Joan"]
[Black "Pardo Verdugo, Felix"]
[Result "1-0"]
[WhiteElo "1970"]
[BlackElo "1916"]
[PlyCount "131"]
[EventDate "2008.04.11"]
[EventType "swiss"]
[EventRounds "8"]
[EventCountry "ESP"]
[SourceTitle "EXT 2024"]
[Source "ChessBase"]
[SourceDate "2023.10.10"]
[SourceVersion "1"]
[SourceVersionDate "2023.10.10"]
[SourceQuality "1"]

1. c4 e5 2. Nc3 Nf6 3. g3 Bc5 4. Bg2 Nc6 5. a3 a5 6. e3 d6 7. Nge2 Bg4 8. h3 Bf5 9. 0-0 Qd7 10. Kh2 e4 11. f3 exf3 12. Rxf3 Ne5 13. Rxf5 Qxf5 14. d4 Nf3+ 15. Bxf3 Qxf3 16. dxc5 h5 17. Kg1 dxc5 18. Qf1 Qc6 19. Qg2 Qa6 20. Nb5 0-0-0 21. b3 Rd1+ 22. Kf2 Qe6 23. Nbc3 Qf5+ 24. Nf4 Qc2+ 25. Nfe2 Rd3 26. Ra2 Qxb3 27. Rb2 Qxc4 28. Qxb7+ Kd7 29. Qb5+ Qxb5 30. Rxb5 h4 31. g4 Kc6 32. Rxa5 Rb8 33. Na4 Rb5 34. Ra8 Ne4+ 35. Kg2 Rb1 36. Re8 Ng5 37. Re5 Ne6 38. Kf3 g6 39. Ke4 Rd1 40. Bb2 Rxb2 41. Nxb2 Rd2 42. Nf4 Nxf4 43. Nc4 Rc2 44. Na5+ Kb6 45. exf4 Kxa5 46. Kd3 Rh2 47. Re3 Ra2 48. Kc4 Kb6 49. Kb3 Rg2 50. Kc4 Rg3 51. Kd3 Kb5 52. f5 Rxe3+ 53. Kxe3 Ka4 54. Kd3 Kxa3 55. Kc4 Kb2 56. Kxc5 Kc3 57. Kd5 Kd3 58. f6 g5 59. Kc6 Ke4 60. Kd7 c5 61. Ke7 c4 62. Kxf7 c3 63. Kg7 c2 64. f7 c1Q 65. f8Q Qa3 66. Qxa3 1-0

[Event "Catalunya-ch U18"]
[Site "Tarrega"]
[Date "1995.??.??"]
[Round "?"]
[White "Villa Izquierdo, Roberto"]
[Black "Vilella Bertran, Joan"]
[Result "1/2-1/2"]
[WhiteElo "2150"]
[BlackElo "1900"]
[PlyCount "105"]
[EventDate "1995.??.??"]
[EventType "swiss"]
[EventRounds "9"]
[EventCountry "ESP"]
[SourceTitle "EXT 2003"]
[Source "ChessBase"]
[SourceDate "2002.11.25"]
[SourceVersion "1"]
[SourceVersionDate "2002.11.25"]
[SourceQuality "1"]

1. d4 d5 2. e3 Nf6 3. Bd3 Nbd7 4. f4 e6 5. Nd2 c5 6. c3 a6 7. Ngf3 Bd6 8. Ne5 c4 9. Bc2 b5 10. 0-0 Bb7 11. Qf3 g6 12. g4 Ra7 13. g5 Nh5 14. Qg4 Ng7 15. e4 Qe7 16. a4 b4 17. exd5 Bxd5 18. Ndxc4 Bxe5 19. Nxe5 Rc7 20. Bd2 bxc3 21. bxc3 Nb6 22. a5 Nc4 23. Ba4+ Kf8 24. Qe2 Nf5 25. Nxc4 Bxc4 26. Qe5 Kg8 27. Rfb1 Rc8 28. Rb8 Rxb8 29. Qxb8+ Qf8 30. Qc7 Bd3 31. d5 exd5 32. Re1 Be4 33. c4 Nd4 34. Re3 Nf3+ 35. Rxf3 Bxf3 36. Bc3 h5 37. Bxh8 Kxh8 38. cxd5 Qb4 39. Kf2 Qxa4 40. Qc3+ Kg8 41. Kxf3 Qd1+ 42. Ke4 Qh1+ 43. Ke5 Qxh2 44. Qc8+ Kg7 45. Qxa6 Qb2+ 46. Ke4 Qb4+ 47. Kd3 Qb3+ 48. Ke4 Qb4+ 49. Ke3 Qc5+ 50. Ke2 Qxd5 51. Qf6+ Kg8 52. a6 h4 53. a7 1/2-1/2